[Event "55th Rubinstein Memorial-A 2019"]
[Site "Polanica-Zdroj"]
[Date "2019.08.24"]
[Round "8.6"]
[White "Kucza, Karol"]
[Black "Cukrowski, Filip"]
[Result "1/2-1/2"]
[WhiteElo "2296"]
[BlackElo "2424"]
[Annotator "NA"]
[PlyCount "122"]
[EventDate "2019.08.17"]
[EventType "swiss"]
[EventCountry "POL"]
[SourceTitle "playchess.com"]
[Source "ChessBase"]
[SourceQuality "1"]
[TimeControl "40/5400+30:1800+30"]

1. e4 {[%emt 0:09:28]} e5 {[%emt 0:01:22]} 2. Nf3 {[%emt 0:00:39]} Nc6 {[%emt 0:00:07]} 3. Bb5 {[%emt 0:00:23]} a6 {[%emt 0:00:06]} 4. Ba4 {[%emt 0:00:06]} g6 {[%emt 0:00:06]} 5. d4 {[%emt 0:06:42]} exd4 {[%emt 0:04:29]} 6. Nxd4 {[%emt 0:00:49]} Bg7 {[%emt 0:00:05]} 7. Nxc6 {[%emt 0:00:09]} dxc6 {[%emt 0:00:04]} 8. Qxd8+ {[%emt 0:00:14]} Kxd8 {[%emt 0:00:05]} 9. Bb3 {[%emt 0:03:42]} Ke7 {[%emt 0:03:32]} 10. Bg5+ {[%emt 0:08:26]} Bf6 {[%emt 0:03:58]} 11. Bxf6+ {[%emt 0:00:08]} Nxf6 {[%emt 0:00:05]} 12. Nd2 {[%emt 0:00:06]} Nd7 {[%emt 0:04:29]} 13. f3 {[%emt 0:08:39]} Nc5 {[%emt 0:00:45]} 14. Ke2 {[%emt 0:00:46]} a5 {[%emt 0:00:51]} 15. c3 {[%emt 0:10:40]} b6 {[%emt 0:03:55]} 16. Bc2 {[%emt 0:00:50]} Rd8 {[%emt 0:00:32]} 17. Rhd1 {[%emt 0:01:32]} Ba6+ {[%emt 0:03:52]} 18. Ke3 {[%emt 0:01:36]} a4 {[%emt 0:19:13]} 19. b4 {[%emt 0:06:01]} Nd3 {[%emt 0:09:56]} 20. a3 {[%emt 0:06:01]} Ne5 {[%emt 0:01:34]} 21. Rac1 {[%emt 0:07:34]} Rd6 {[%emt 0:10:34]} 22. Nb1 {[%emt 0:00:53]} Nc4+ {[%emt 0:03:03]} 23. Kf2 {[%emt 0:00:06]} Bb5 {[%emt 0:00:41]} 24. Rxd6 {[%emt 0:01:20]} cxd6 {[%emt 0:03:23]} 25. Bd1 {[%emt 0:01:18]} Ne5 {[%emt 0:02:49]} 26. Be2 {[%emt 0:00:22]} Bxe2 {[%emt 0:00:24]} 27. Kxe2 {[%emt 0:00:06]} Nc4 {[%emt 0:00:06]} 28. Rc2 {[%emt 0:01:22]} d5 {[%emt 0:00:11]} 29. exd5 {[%emt 0:00:10]} cxd5 {[%emt 0:00:06]} 30. Ra2 {[%emt 0:00:31]} Kd6 {[%emt 0:01:34]} 31. Nd2 {[%emt 0:00:47]} Re8+ {[%emt 0:00:05]} 32. Kd3 {[%emt 0:04:24]} Ne5+ {[%emt 0:05:26]} 33. Kd4 {[%emt 0:00:06]} Nc6+ {[%emt 0:01:03]} 34. Kd3 {[%emt 0:00:04]} Ne5+ {[%emt 0:03:24]} 35. Kc2 {[%emt 0:09:06]} f5 {[%emt 0:02:25]} 36. Ra1 {[%emt 0:00:26]} Rc8 {[%emt 0:02:33]} 37. f4 {[%emt 0:00:47]} Ng4 {[%emt 0:00:29]} 38. Kd3 {[%emt 0:00:16]} Nf2+ {[%emt 0:03:44]} 39. Ke2 {[%emt 0:01:24]} Ne4 {[%emt 0:00:20]} 40. Nxe4+ {[%emt 0:00:00]} dxe4 {[%emt 0:00:00]} 41. Kd2 {[%emt 0:00:14]} b5 {[%emt 0:00:38]} 42. Kc2 {[%emt 0:00:29]} h6 {[%emt 0:00:20]} 43. Rd1+ {[%emt 0:01:12]} Ke6 {[%emt 0:00:04]} 44. Rd4 {[%emt 0:01:19]} g5 {[%emt 0:00:13]} 45. fxg5 {[%emt 0:00:33]} hxg5 {[%emt 0:00:07]} 46. g4 {[%emt 0:00:05]} Rh8 {[%emt 0:00:39]} 47. gxf5+ {[%emt 0:00:06]} Kxf5 {[%emt 0:00:04]} 48. Rd2 {[%emt 0:12:38]} Rh3 {[%emt 0:00:14]} 49. Rf2+ {[%emt 0:02:01]} Ke5 {[%emt 0:00:18]} 50. Rg2 {[%emt 0:00:29]} Kf4 {[%emt 0:00:08]} 51. Rf2+ {[%emt 0:00:59]} Ke3 {[%emt 0:04:32]} 52. Rg2 {[%emt 0:00:45]} Kf3 {[%emt 0:01:07]} 53. Rxg5 {[%emt 0:00:07]} Rxh2+ {[%emt 0:00:03]} 54. Kd1 {[%emt 0:00:44]} e3 {[%emt 0:00:59]} 55. Rf5+ {[%emt 0:00:16]} Ke4 {[%emt 0:01:30]} 56. Rxb5 {[%emt 0:00:27]} Ra2 {[%emt 0:03:57]} 57. Rb8 {[%emt 0:03:27]} Rxa3 {[%emt 0:01:06]} 58. b5 {[%emt 0:02:11]} Kd3 {[%emt 0:00:39]} 59. Rd8+ {[%emt 0:00:12]} Kxc3 {[%emt 0:00:22]} 60. b6 {[%emt 0:12:54]} Rb3 {[%emt 0:00:19]} 61. Ra8 {[%emt 0:00:07]} Rxb6 {[%emt 0:09:32]} 1/2-1/2

[Event "55th Rubinstein Memorial-A 2019"]
[Site "Polanica-Zdroj"]
[Date "2019.08.24"]
[Round "8.7"]
[White "Lapaj, Mateusz"]
[Black "Psyk, Radoslaw"]
[Result "0-1"]
[WhiteElo "2233"]
[BlackElo "2326"]
[Annotator "NA"]
[PlyCount "134"]
[EventDate "2019.08.17"]
[EventType "swiss"]
[EventCountry "POL"]
[SourceTitle "playchess.com"]
[Source "ChessBase"]
[SourceQuality "1"]
[TimeControl "40/5400+30:1800+30"]

1. e4 {[%emt 0:04:08]} c5 {[%emt 0:00:00]} 2. Nf3 {[%emt 0:00:06]} e6 {[%emt 0:00:06]} 3. d4 {[%emt 0:00:04]} cxd4 {[%emt 0:00:04]} 4. Nxd4 {[%emt 0:00:04]} Nc6 {[%emt 0:03:35]} 5. Nc3 {[%emt 0:00:09]} a6 {[%emt 0:01:12]} 6. g3 {[%emt 0:00:08]} Qc7 {[%emt 0:06:13]} 7. Bg2 {[%emt 0:00:32]} Nf6 {[%emt 0:03:34]} 8. O-O {[%emt 0:00:12]} d6 {[%emt 0:00:09]} 9. Re1 {[%emt 0:00:20]} Bd7 {[%emt 0:00:58]} 10. Nxc6 {[%emt 0:00:07]} bxc6 {[%emt 0:06:41]} 11. Na4 {[%emt 0:00:10]} e5 {[%emt 0:09:48]} 12. c4 {[%emt 0:01:11]} c5 {[%emt 0:03:40]} 13. Nc3 {[%emt 0:08:05]} Be7 {[%emt 0:04:52]} 14. Bg5 {[%emt 0:09:27]} Bc6 {[%emt 0:00:39]} 15. Qd2 {[%emt 0:15:00]} O-O {[%emt 0:01:06]} 16. Rad1 {[%emt 0:01:43]} Ne8 {[%emt 0:05:25]} 17. Be3 {[%emt 0:05:05]} Rd8 {[%emt 0:10:41]} 18. f4 {[%emt 0:10:48]} exf4 {[%emt 0:00:49]} 19. gxf4 {[%emt 0:01:31]} Nf6 {[%emt 0:03:15]} 20. Qe2 {[%emt 0:10:53]} Rfe8 {[%emt 0:01:02]} 21. Nd5 {[%emt 0:02:57]} Bxd5 {[%emt 0:01:41]} 22. cxd5 {[%emt 0:00:16]} Bf8 {[%emt 0:01:10]} 23. Qc2 {[%emt 0:01:56]} g6 {[%emt 0:06:58]} 24. b4 {[%emt 0:03:23]} c4 {[%emt 0:07:01]} 25. Bd4 {[%emt 0:06:48]} Nh5 {[%emt 0:03:21]} 26. Qf2 {[%emt 0:03:54]} Qd7 {[%emt 0:05:51]} 27. f5 {[%emt 0:07:35]} Bg7 {[%emt 0:08:07]} 28. f6 {[%emt 0:01:07]} Bh8 {[%emt 0:00:49]} 29. Qh4 {[%emt 0:00:21]} Re5 {[%emt 0:00:10]} 30. Bxe5 {[%emt 0:00:28]} dxe5 {[%emt 0:00:02]} 31. Rc1 {[%emt 0:02:51]} Bxf6 {[%emt 0:02:13]} 32. Qh3 {[%emt 0:00:30]} Qb5 {[%emt 0:00:38]} 33. Qc3 {[%emt 0:01:11]} Bh4 {[%emt 0:03:57]} 34. Rf1 {[%emt 0:00:30]} Nf4 {[%emt 0:00:22]} 35. Rxf4 {[%emt 0:02:39]} exf4 {[%emt 0:00:03]} 36. Qxc4 {[%emt 0:00:07]} Qb6+ {[%emt 0:00:13]} 37. Qc5 {[%emt 0:00:20]} Qf6 {[%emt 0:00:06]} 38. Qc3 {[%emt 0:01:00]} Qg5 {[%emt 0:00:58]} 39. Kh1 {[%emt 0:00:19]} Bf2 {[%emt 0:00:15]} 40. a4 {[%emt 0:00:00]} Be3 {[%emt 0:00:00]} 41. Rf1 {[%emt 0:07:22]} f3 {[%emt 0:15:01]} 42. Rxf3 {[%emt 0:03:16]} Bf4 {[%emt 0:00:14]} 43. Rf1 {[%emt 0:00:25]} Be5 {[%emt 0:01:00]} 44. Qf3 {[%emt 0:03:27]} Qh4 {[%emt 0:06:13]} 45. Qh3 {[%emt 0:04:39]} Qe7 {[%emt 0:00:19]} 46. b5 {[%emt 0:00:41]} axb5 {[%emt 0:00:46]} 47. axb5 {[%emt 0:00:01]} Qb4 {[%emt 0:03:44]} 48. Qd3 {[%emt 0:01:08]} Qd6 {[%emt 0:00:33]} 49. Qf3 {[%emt 0:00:45]} Rf8 {[%emt 0:00:21]} 50. Qh3 {[%emt 0:03:44]} Ra8 {[%emt 0:01:05]} 51. Qf3 {[%emt 0:00:37]} Ra7 {[%emt 0:01:01]} 52. Bh3 {[%emt 0:03:13]} Kg7 {[%emt 0:01:24]} 53. Rf2 {[%emt 0:01:38]} Qb4 {[%emt 0:01:41]} 54. Bf1 {[%emt 0:02:56]} h5 {[%emt 0:00:09]} 55. Bd3 {[%emt 0:01:59]} Qe1+ {[%emt 0:01:15]} 56. Kg2 {[%emt 0:00:58]} Bd4 {[%emt 0:01:09]} 57. b6 {[%emt 0:01:43]} Bxf2 {[%emt 0:01:39]} 58. bxa7 {[%emt 0:00:10]} Bxa7 {[%emt 0:00:30]} 59. d6 {[%emt 0:00:39]} Qg1+ {[%emt 0:01:03]} 60. Kh3 {[%emt 0:00:01]} Qd4 {[%emt 0:00:50]} 61. Qg3 {[%emt 0:00:36]} Bc5 {[%emt 0:01:11]} 62. e5 {[%emt 0:02:09]} h4 {[%emt 0:00:02]} 63. Qf3 {[%emt 0:00:27]} Qxe5 {[%emt 0:00:09]} 64. d7 {[%emt 0:00:09]} Qd6 {[%emt 0:01:03]} 65. Bc4 {[%emt 0:00:41]} Qxd7+ {[%emt 0:00:20]} 66. Kxh4 {[%emt 0:00:13]} Be7+ {[%emt 0:00:12]} 67. Kg3 {[%emt 0:00:02]} Qc7+ {[%emt 0:00:01]} 0-1

[Event "55th Rubinstein Memorial-A 2019"]
[Site "Polanica-Zdroj"]
[Date "2019.08.24"]
[Round "8.8"]
[White "Luba, Lukasz"]
[Black "Mikhaletz, Lubomir"]
[Result "1/2-1/2"]
[WhiteElo "2130"]
[BlackElo "2412"]
[Annotator "NA"]
[PlyCount "167"]
[EventDate "2019.08.17"]
[EventType "swiss"]
[EventCountry "POL"]
[SourceTitle "playchess.com"]
[Source "ChessBase"]
[SourceQuality "1"]
[TimeControl "40/5400+30:1800+30"]

1. d4 {[%emt 0:09:03]} d5 {[%emt 0:00:47]} 2. Nf3 {[%emt 0:01:16]} Bg4 {[%emt 0:02:56]} 3. Ne5 {[%emt 0:04:32]} Bf5 {[%emt 0:00:42]} 4. c4 {[%emt 0:02:31]} f6 {[%emt 0:05:28]} 5. Nf3 {[%emt 0:03:17]} c6 {[%emt 0:04:47]} 6. Nc3 {[%emt 0:02:04]} e6 {[%emt 0:01:38]} 7. Bf4 {[%emt 0:08:55]} Qb6 {[%emt 0:04:27]} 8. Qb3 {[%emt 0:03:40]} dxc4 {[%emt 0:01:55]} 9. Qxb6 {[%emt 0:01:14]} axb6 {[%emt 0:00:02]} 10. e4 {[%emt 0:00:50]} Bg6 {[%emt 0:00:35]} 11. Bxc4 {[%emt 0:02:51]} b5 {[%emt 0:00:07]} 12. Bxe6 {[%emt 0:03:48]} b4 {[%emt 0:00:19]} 13. Nb1 {[%emt 0:01:58]} Bxe4 {[%emt 0:00:41]} 14. O-O {[%emt 0:00:16]} Bd5 {[%emt 0:02:22]} 15. Bxd5 {[%emt 0:00:43]} cxd5 {[%emt 0:00:10]} 16. Re1+ {[%emt 0:01:36]} Kd7 {[%emt 0:00:27]} 17. Nbd2 {[%emt 0:03:16]} Nc6 {[%emt 0:00:16]} 18. Nb3 {[%emt 0:00:14]} g5 {[%emt 0:01:03]} 19. Be3 {[%emt 0:02:51]} b6 {[%emt 0:00:17]} 20. h4 {[%emt 0:00:40]} h6 {[%emt 0:00:40]} 21. g3 {[%emt 0:03:17]} Bd6 {[%emt 0:01:08]} 22. Kg2 {[%emt 0:01:21]} Nge7 {[%emt 0:02:08]} 23. hxg5 {[%emt 0:06:17]} hxg5 {[%emt 0:05:44]} 24. Nh2 {[%emt 0:01:28]} Nf5 {[%emt 0:03:44]} 25. Ng4 {[%emt 0:00:23]} Be7 {[%emt 0:00:07]} 26. f3 {[%emt 0:02:00]} Na5 {[%emt 0:04:07]} 27. Nxa5 {[%emt 0:02:23]} Rxa5 {[%emt 0:04:50]} 28. b3 {[%emt 0:01:14]} Rha8 {[%emt 0:01:21]} 29. Re2 {[%emt 0:01:20]} Ra3 {[%emt 0:01:30]} 30. Rb2 {[%emt 0:00:43]} Ke6 {[%emt 0:13:36]} 31. Bf2 {[%emt 0:03:49]} Kf7 {[%emt 0:02:33]} 32. Ne3 {[%emt 0:03:57]} Nxd4 {[%emt 0:05:03]} 33. Nxd5 {[%emt 0:00:09]} Bc5 {[%emt 0:00:12]} 34. Nxb4 {[%emt 0:06:32]} Nxb3 {[%emt 0:07:05]} 35. Rd1 {[%emt 0:03:58]} Bxb4 {[%emt 0:00:46]} 36. axb3 {[%emt 0:01:38]} Bc3 {[%emt 0:05:50]} 37. Rc2 {[%emt 0:00:48]} Be5 {[%emt 0:00:50]} 38. Rd3 {[%emt 0:03:36]} Ra2 {[%emt 0:01:58]} 39. Rdd2 {[%emt 0:00:11]} R2a3 {[%emt 0:02:53]} 40. Bxb6 {[%emt 0:00:00]} Rxb3 {[%emt 0:00:00]} 41. Bd4 {[%emt 0:01:42]} g4 {[%emt 0:02:45]} 42. f4 {[%emt 0:09:45]} Bxd4 {[%emt 0:00:15]} 43. Rxd4 {[%emt 0:00:05]} Kg6 {[%emt 0:03:27]} 44. Kh2 {[%emt 0:01:41]} Rh8+ {[%emt 0:05:08]} 45. Kg2 {[%emt 0:00:07]} Re8 {[%emt 0:00:18]} 46. f5+ {[%emt 0:11:14]} Kh5 {[%emt 0:00:50]} 47. Rd7 {[%emt 0:06:21]} Ree3 {[%emt 0:01:17]} 48. Rg7 {[%emt 0:00:17]} Rxg3+ {[%emt 0:00:38]} 49. Kh2 {[%emt 0:00:03]} Rgc3 {[%emt 0:07:36]} 50. Re2 {[%emt 0:03:54]} Rh3+ {[%emt 0:03:10]} 51. Kg2 {[%emt 0:00:10]} Kh4 {[%emt 0:02:53]} 52. Re4 {[%emt 0:05:32]} Rhg3+ {[%emt 0:02:34]} 53. Kh2 {[%emt 0:00:09]} Rb2+ {[%emt 0:00:33]} 54. Kh1 {[%emt 0:00:05]} Rbg2 {[%emt 0:04:45]} 55. Re2 {[%emt 0:00:24]} Rxe2 {[%emt 0:03:45]} 56. Rxg4+ {[%emt 0:00:04]} Kh5 {[%emt 0:00:44]} 57. Rxg3 {[%emt 0:00:04]} Rf2 {[%emt 0:00:11]} 58. Kg1 {[%emt 0:01:10]} Rxf5 {[%emt 0:00:08]} 59. Ra3 {[%emt 0:00:05]} Kg4 {[%emt 0:01:23]} 60. Kg2 {[%emt 0:00:22]} Rf4 {[%emt 0:00:03]} 61. Rg3+ {[%emt 0:01:13]} Kf5 {[%emt 0:00:01]} 62. Ra3 {[%emt 0:00:11]} Rc4 {[%emt 0:03:06]} 63. Rf3+ {[%emt 0:00:23]} Ke5 {[%emt 0:00:07]} 64. Re3+ {[%emt 0:00:05]} Kf5 {[%emt 0:02:29]} 65. Kf3 {[%emt 0:00:59]} Rf4+ {[%emt 0:00:07]} 66. Kg3 {[%emt 0:00:06]} Re4 {[%emt 0:00:18]} 67. Ra3 {[%emt 0:00:22]} Kg5 {[%emt 0:00:38]} 68. Kf3 {[%emt 0:00:27]} Re5 {[%emt 0:00:04]} 69. Rb3 {[%emt 0:00:56]} Ra5 {[%emt 0:00:27]} 70. Rc3 {[%emt 0:00:09]} f5 {[%emt 0:00:09]} 71. Rb3 {[%emt 0:00:07]} Ra4 {[%emt 0:00:06]} 72. Kg3 {[%emt 0:00:47]} Rg4+ {[%emt 0:00:14]} 73. Kf3 {[%emt 0:00:37]} Rh4 {[%emt 0:00:07]} 74. Kg3 {[%emt 0:00:16]} f4+ {[%emt 0:01:10]} 75. Kg2 {[%emt 0:00:05]} Kg4 {[%emt 0:00:49]} 76. Rb8 {[%emt 0:00:27]} f3+ {[%emt 0:00:38]} 77. Kf2 {[%emt 0:00:58]} Rh2+ {[%emt 0:00:08]} 78. Kf1 {[%emt 0:00:05]} Rh5 {[%emt 0:00:51]} 79. Kf2 {[%emt 0:00:05]} Rh2+ {[%emt 0:00:30]} 80. Kf1 {[%emt 0:00:05]} Re2 {[%emt 0:01:17]} 81. Rg8+ {[%emt 0:00:09]} Kf4 {[%emt 0:00:10]} 82. Rf8+ {[%emt 0:00:05]} Ke3 {[%emt 0:00:05]} 83. Re8+ {[%emt 0:00:07]} Kd2 {[%emt 0:00:08]} 84. Rd8+ {[%emt 0:00:06]} 1/2-1/2

[Event "55th Rubinstein Memorial-A 2019"]
[Site "Polanica-Zdroj"]
[Date "2019.08.24"]
[Round "8.9"]
[White "Shishkin, Vadim"]
[Black "Jankowiak, Piotr"]
[Result "1-0"]
[WhiteElo "2445"]
[BlackElo "2033"]
[Annotator "NA"]
[PlyCount "59"]
[EventDate "2019.08.17"]
[EventType "swiss"]
[EventCountry "POL"]
[SourceTitle "playchess.com"]
[Source "ChessBase"]
[SourceQuality "1"]
[TimeControl "40/5400+30:1800+30"]

1. d4 {[%emt 0:00:00]} d5 {[%emt 0:00:00]} 2. c4 {[%emt 0:00:00]} e6 {[%emt 0:00:00]} 3. Nf3 {[%emt 0:00:26]} Nf6 {[%emt 0:00:11]} 4. Nc3 {[%emt 0:00:07]} Be7 {[%emt 0:00:21]} 5. Bf4 {[%emt 0:00:05]} O-O {[%emt 0:00:31]} 6. e3 {[%emt 0:00:08]} b6 {[%emt 0:00:32]} 7. Qc2 {[%emt 0:01:24]} c6 {[%emt 0:09:22]} 8. Rd1 {[%emt 0:02:20]} Bb7 {[%emt 0:07:16]} 9. Bd3 {[%emt 0:15:41]} Nbd7 {[%emt 0:04:08]} 10. O-O {[%emt 0:01:11]} h6 {[%emt 0:07:48]} 11. h3 {[%emt 0:02:57]} Rc8 {[%emt 0:06:02]} 12. e4 {[%emt 0:16:56]} dxe4 {[%emt 0:04:29]} 13. Nxe4 {[%emt 0:02:47]} Nxe4 {[%emt 0:00:45]} 14. Bxe4 {[%emt 0:00:04]} Nf6 {[%emt 0:00:44]} 15. Ne5 {[%emt 0:00:09]} Bd6 {[%emt 0:18:48]} 16. Bf3 {[%emt 0:02:53]} Qe7 {[%emt 0:08:15]} 17. Rfe1 {[%emt 0:10:33]} Rfd8 {[%emt 0:04:45]} 18. Bg3 {[%emt 0:03:46]} Ba8 {[%emt 0:04:26]} 19. Bh4 {[%emt 0:05:47]} g5 {[%emt 0:05:23]} 20. Bg3 {[%emt 0:00:03]} Kg7 {[%emt 0:00:19]} 21. a3 {[%emt 0:01:47]} a5 {[%emt 0:09:53]} 22. Qc3 {[%emt 0:04:32]} Rh8 {[%emt 0:01:33]} 23. c5 {[%emt 0:09:33]} bxc5 {[%emt 0:01:14]} 24. dxc5 {[%emt 0:00:16]} Bc7 {[%emt 0:02:10]} 25. b4 {[%emt 0:07:53]} axb4 {[%emt 0:00:16]} 26. axb4 {[%emt 0:00:01]} Bb8 {[%emt 0:02:26]} 27. Nc4 {[%emt 0:02:34]} Bxg3 {[%emt 0:00:15]} 28. fxg3 {[%emt 0:00:03]} Bb7 {[%emt 0:01:05]} 29. Nd6 {[%emt 0:00:05]} Ba6 {[%emt 0:00:59]} 30. Nf5+ {[%emt 0:00:16]} 1-0

[Event "55th Rubinstein Memorial-A 2019"]
[Site "Polanica-Zdroj"]
[Date "2019.08.24"]
[Round "8.10"]
[White "Rosicki, Marcin"]
[Black "Jaroch, Karol"]
[Result "0-1"]
[WhiteElo "2042"]
[BlackElo "2231"]
[Annotator "NA"]
[PlyCount "58"]
[EventDate "2019.08.17"]
[EventType "swiss"]
[EventCountry "POL"]
[SourceTitle "playchess.com"]
[Source "ChessBase"]
[SourceQuality "1"]
[TimeControl "40/5400+30:1800+30"]

1. e4 {[%emt 0:03:09]} e6 {[%emt 0:00:33]} 2. d4 {[%emt 0:00:07]} d5 {[%emt 0:00:03]} 3. e5 {[%emt 0:00:05]} c5 {[%emt 0:00:05]} 4. c3 {[%emt 0:00:04]} Nc6 {[%emt 0:00:03]} 5. Nf3 {[%emt 0:00:04]} Qb6 {[%emt 0:00:07]} 6. a3 {[%emt 0:00:05]} c4 {[%emt 0:00:53]} 7. Nbd2 {[%emt 0:00:05]} Na5 {[%emt 0:00:09]} 8. g3 {[%emt 0:00:12]} Bd7 {[%emt 0:00:14]} 9. Bg2 {[%emt 0:00:06]} Ne7 {[%emt 0:00:36]} 10. O-O {[%emt 0:00:07]} Nc8 {[%emt 0:04:59]} 11. Ne1 {[%emt 0:02:24]} Qc7 {[%emt 0:00:34]} 12. f4 {[%emt 0:00:12]} Nb6 {[%emt 0:00:11]} 13. Ndf3 {[%emt 0:04:22]} Be7 {[%emt 0:12:06]} 14. Qe2 {[%emt 0:07:13]} O-O-O {[%emt 0:03:43]} 15. Nc2 {[%emt 0:14:40]} Nb3 {[%emt 0:05:37]} 16. Rb1 {[%emt 0:05:36]} Nxc1 {[%emt 0:00:17]} 17. Rfxc1 {[%emt 0:00:30]} h6 {[%emt 0:00:08]} 18. Ne3 {[%emt 0:15:41]} Kb8 {[%emt 0:04:44]} 19. Rf1 {[%emt 0:03:07]} Rde8 {[%emt 0:18:16]} 20. f5 {[%emt 0:17:09]} h5 {[%emt 0:05:38]} 21. fxe6 {[%emt 0:05:35]} Bxe6 {[%emt 0:00:30]} 22. Nd2 {[%emt 0:06:14]} h4 {[%emt 0:00:23]} 23. g4 {[%emt 0:00:06]} h3 {[%emt 0:00:19]} 24. Bh1 {[%emt 0:00:16]} f6 {[%emt 0:02:10]} 25. Nf5 {[%emt 0:03:17]} Bxf5 {[%emt 0:00:24]} 26. Rxf5 {[%emt 0:00:32]} g6 {[%emt 0:00:08]} 27. Rf3 {[%emt 0:06:01]} fxe5 {[%emt 0:00:09]} 28. Qf1 {[%emt 0:00:09]} exd4 {[%emt 0:02:06]} 29. cxd4 {[%emt 0:00:11]} Bg5 {[%emt 0:00:41]} 0-1

[Event "55th Rubinstein Memorial-A 2019"]
[Site "Polanica-Zdroj"]
[Date "2019.08.24"]
[Round "8.11"]
[White "Derylo, Kamil"]
[Black "Lukasiewicz, Krzysztof"]
[Result "1/2-1/2"]
[WhiteElo "2030"]
[BlackElo "2185"]
[Annotator "NA"]
[PlyCount "129"]
[EventDate "2019.08.17"]
[EventType "swiss"]
[EventCountry "POL"]
[SourceTitle "playchess.com"]
[Source "ChessBase"]
[SourceQuality "1"]
[TimeControl "40/5400+30:1800+30"]

1. d4 {[%emt 0:00:00]} Nf6 {[%emt 0:00:00]} 2. c4 {[%emt 0:00:00]} e6 {[%emt 0:00:00]} 3. g3 {[%emt 0:00:01]} d5 {[%emt 0:00:00]} 4. Nf3 {[%emt 0:00:09]} dxc4 {[%emt 0:00:00]} 5. Bg2 {[%emt 0:00:19]} a6 {[%emt 0:00:00]} 6. O-O {[%emt 0:00:36]} Nc6 {[%emt 0:00:00]} 7. e3 {[%emt 0:00:45]} Bd7 {[%emt 0:01:22]} 8. Qe2 {[%emt 0:00:38]} Rb8 {[%emt 0:02:20]} 9. Qxc4 {[%emt 0:07:25]} Bd6 {[%emt 0:06:34]} 10. Nbd2 {[%emt 0:00:43]} O-O {[%emt 0:02:04]} 11. b3 {[%emt 0:00:19]} e5 {[%emt 0:01:48]} 12. Bb2 {[%emt 0:02:17]} Qe7 {[%emt 0:02:10]} 13. Rfd1 {[%emt 0:02:26]} Rfd8 {[%emt 0:15:18]} 14. dxe5 {[%emt 0:09:07]} Nxe5 {[%emt 0:00:08]} 15. Nxe5 {[%emt 0:00:15]} Bxe5 {[%emt 0:00:04]} 16. Bxe5 {[%emt 0:00:14]} Qxe5 {[%emt 0:00:01]} 17. Nf3 {[%emt 0:00:24]} Qa5 {[%emt 0:00:49]} 18. b4 {[%emt 0:03:49]} Qb6 {[%emt 0:06:10]} 19. Ng5 {[%emt 0:08:23]} Be8 {[%emt 0:04:20]} 20. Rac1 {[%emt 0:11:59]} c6 {[%emt 0:07:45]} 21. a4 {[%emt 0:06:11]} h6 {[%emt 0:04:56]} 22. a5 {[%emt 0:02:31]} Qc7 {[%emt 0:02:31]} 23. Ne4 {[%emt 0:02:51]} Nxe4 {[%emt 0:04:28]} 24. Bxe4 {[%emt 0:00:15]} Bd7 {[%emt 0:00:53]} 25. Bf3 {[%emt 0:01:15]} Be6 {[%emt 0:00:29]} 26. Qc3 {[%emt 0:01:38]} Qe7 {[%emt 0:03:06]} 27. Kg2 {[%emt 0:03:57]} Qg5 {[%emt 0:00:32]} 28. e4 {[%emt 0:09:01]} Rbc8 {[%emt 0:06:03]} 29. h4 {[%emt 0:03:27]} Qe7 {[%emt 0:00:19]} 30. Rxd8+ {[%emt 0:02:39]} Rxd8 {[%emt 0:00:04]} 31. Rd1 {[%emt 0:00:20]} Rxd1 {[%emt 0:02:33]} 32. Bxd1 {[%emt 0:00:13]} Qd7 {[%emt 0:00:40]} 33. Be2 {[%emt 0:01:45]} Qd6 {[%emt 0:00:49]} 34. Bf3 {[%emt 0:03:35]} Kh7 {[%emt 0:03:40]} 35. e5 {[%emt 0:01:29]} Qd7 {[%emt 0:00:09]} 36. Be4+ {[%emt 0:01:31]} Bf5 {[%emt 0:00:09]} 37. Bxf5+ {[%emt 0:01:31]} Qxf5 {[%emt 0:00:04]} 38. Qd4 {[%emt 0:00:22]} Qe6 {[%emt 0:12:45]} 39. Qd3+ {[%emt 0:01:17]} g6 {[%emt 0:01:42]} 40. Qd4 {[%emt 0:00:00]} Qf5 {[%emt 0:00:00]} 41. g4 {[%emt 0:09:01]} Qe6 {[%emt 0:07:04]} 42. Kg3 {[%emt 0:02:11]} Qb3+ {[%emt 0:04:59]} 43. Kg2 {[%emt 0:01:12]} Qb1 {[%emt 0:01:25]} 44. e6 {[%emt 0:04:41]} fxe6 {[%emt 0:07:13]} 45. Qd7+ {[%emt 0:00:50]} Kh8 {[%emt 0:00:11]} 46. Qe8+ {[%emt 0:00:21]} Kg7 {[%emt 0:00:05]} 47. Qe7+ {[%emt 0:00:04]} Kh8 {[%emt 0:00:09]} 48. Qf8+ {[%emt 0:02:11]} Kh7 {[%emt 0:00:06]} 49. Qf7+ {[%emt 0:00:02]} Kh8 {[%emt 0:00:05]} 50. Qxe6 {[%emt 0:00:26]} Qxb4 {[%emt 0:02:58]} 51. Qxg6 {[%emt 0:00:54]} Qf4 {[%emt 0:00:55]} 52. Qe8+ {[%emt 0:02:47]} Kg7 {[%emt 0:00:34]} 53. Qd7+ {[%emt 0:00:38]} Kf6 {[%emt 0:01:23]} 54. f3 {[%emt 0:02:32]} Qe5 {[%emt 0:01:29]} 55. Qd8+ {[%emt 0:02:28]} Kg7 {[%emt 0:00:16]} 56. Qd7+ {[%emt 0:01:03]} Kf6 {[%emt 0:00:05]} 57. Qd2 {[%emt 0:00:49]} Kg6 {[%emt 0:05:08]} 58. f4 {[%emt 0:01:28]} Qe4+ {[%emt 0:02:46]} 59. Kg3 {[%emt 0:00:47]} Qe7 {[%emt 0:02:50]} 60. f5+ {[%emt 0:01:26]} Kf7 {[%emt 0:01:39]} 61. Qa2+ {[%emt 0:02:11]} Kf8 {[%emt 0:01:42]} 62. Qd2 {[%emt 0:00:48]} Kf7 {[%emt 0:00:19]} 63. Kh3 {[%emt 0:02:57]} Qa3+ {[%emt 0:00:48]} 64. Kg2 {[%emt 0:00:10]} Qe7 {[%emt 0:00:04]} 65. Qf2 {[%emt 0:05:50]} 1/2-1/2